| 000 | 00646nam a2200193 a 4500 | ||
|---|---|---|---|
| 001 | 12409 | ||
| 003 | CO-ViMGA | ||
| 008 | 141112s2004 ck r 000 u spa d | ||
| 040 |
_aCO-ViMGA _bspa _cCO-ViMGA |
||
| 082 | 0 | 4 | _a338.0183 I57n |
| 110 |
_aInstituto de Fomento Industrial _917813 |
||
| 245 | 1 | 0 | _aNuevas Alternativas de Industrialización Regional |
| 260 |
_aBogotá : _bInstituto de Fomento Industrial, _c1983 |
||
| 300 | _a255p. | ||
| 590 | _aForma de adquisición : DONACION - - Proveedor : MARINA TRUJILLO - - Fecha de adquisición : SEPTIEMBRE - 2000 | ||
| 650 | 1 | 4 |
_aCOLOMBIA _917814 |
| 650 | 1 | 4 |
_aINDUSTRIAS _954969 |
| 942 |
_2ddc _cBK |
||
| 999 |
_c23418 _d23418 |
||